Objective tests in English as a foreign language (Record no. 34921)

MARC details
000 -LEADER
fixed length control field 00288nam a2200109Ia 4500
082 ## - DEWEY DECIMAL CLASSIFICATION NUMBER
Classification number 82(079.1)
Item number BLO
100 ## - MAIN ENTRY--AUTHOR NAME
Personal name Bloor, M
245 #0 - TITLE STATEMENT
Title Objective tests in English as a foreign language
260 ## - PUBLICATION, DISTRIBUTION, ETC. (IMPRINT)
Place of publication London
Name of publisher Macmillan
Year of publication 1977
942 ## - ADDED ENTRY ELEMENTS (KOHA)
Koha item type Books
Holdings
Withdrawn status Lost status Damaged status Not for loan Home library Current library Date acquired Cost, normal purchase price Full call number Accession Number Koha item type
        RRII Library RRII Library 16/12/2021 1.00 82(079.1) BLO 15348 Books